Psicología del deporte

Gardado en:
Detalles Bibliográficos
Autor Principal: Cruz Feliu, Jaume (Author)
Formato: Libro
Idioma:Lingua castelá
Publicado: Madrid Síntesis 1997
Series:Colección personalidad, evaluación y tratamiento psicológico, 6
Subjects:
Tags: Engadir etiqueta
Sen Etiquetas, Sexa o primeiro en etiquetar este rexistro!

MARC

LEADER 00000nam a2200000 a 4500
001 UCQ9687
003 CL-VaPUC
008 990112e19970000SP |||||||||||||||||spa|d
082 0 4 |a 796.01  |b CRU  |2 21 
100 |a Cruz Feliu, Jaume  |e author  |9 424403 
245 1 0 |a Psicología del deporte 
300 |a 335 p 
942 |c BK 
945 |d 19990112 00:00:00  |a aarredon 
260 |a Madrid  |b Síntesis  |c 1997 
650 7 |a PSICOLOGIA DEL DEPORTE  |2 CL-VaPUC  |9 307386 
650 0 |a Deportes  |9 224367 
650 0 |a Personalidad   |9 307255 
650 0 |a Agresión  |9 390178 
650 7 |a DEPORTISTAS  |2 CL-VaPUC  |9 424404 
650 7 |a ENTRENAMIENTO ATLETICO  |2 CL-VaPUC  |9 424405 
650 7 |a EQUIPO DEPORTIVO  |2 CL-VaPUC  |9 334650 
650 0 |a Ejercicios físicos  |9 307296 
583 |a last modification  |c 19990112 00:00:00  |k Rodrigo Vera 
490 0 |a Colección personalidad, evaluación y tratamiento psicológico, 6 
999 |c 278674  |d 278672 
952 |0 0  |1 0  |4 0  |6 796_010000000000000_CRU_1997  |7 0  |8 A  |9 317386  |a BIBEDU  |b BIBEDU  |d 2019-11-20  |i 3495752  |o 796.01 CRU 1997  |p 3495752  |r 2019-11-20  |w 2019-11-20  |y BK  |k BME 
952 |0 0  |1 0  |4 0  |6 796_010000000000000_CRU_1997  |7 0  |8 A  |9 317387  |a BIBEDU  |b BIBEDU  |d 2019-11-20  |i 3495760  |o 796.01 CRU 1997  |p 3495760  |r 2019-11-20  |w 2019-11-20  |y BK  |k BME 
952 |0 0  |1 0  |4 0  |6 796_010000000000000_CRU_1997  |7 0  |8 A  |9 317388  |a BIBEDU  |b BIBEDU  |d 2019-11-20  |i 3532003  |o 796.01 CRU 1997  |p 3532003  |r 2019-11-20  |w 2019-11-20  |y BK  |k EFI